Dania - Regiony Danii (Podział administracyjny Danii) - Mapa - Statystyki

Ogólne statystyki
  • Ten quiz został rozwiązany 341 razy
  • Średni wynik to 4 z 5
Odpowiedzi na mapie
Odpowiedzi zakodowano w zielono-czerwonej skali na mapie do tego quizu, zgodnie z poniższymi procentami.
 
Statystyki odpowiedzi
Region Stolica Nazwa duńska % Poprawnych
Zelandia Sorø Sjælland
89%
Jutlandia Północna Aalborg Nordjylland
79%
Jutlandia Środkowa Viborg Midtjylland
75%
Dania Południowa Vejle Syddanmark
68%
Region Stołeczny Hillerød Hovedstaden
56%
Nie znaleziono quizów pasujących do podanych kryteriów
Rozkład punktacji
Procent ludzi z każdym wynikiem
Percentyl według liczby udzielonych odpowiedzi
Twoja historia wyników
Nie rozwiązałeś tego quizu